| 000 | 00670nam a22002057a 4500 | ||
|---|---|---|---|
| 005 | 20221109143922.0 | ||
| 040 | _curs | ||
| 050 | _aKF 5624.61 B9 B35 2001 | ||
| 100 |
_92782 _aBallada, Win _eauthor |
||
| 245 |
_aTransfer and business taxation made easy _cWin Lu Ballada, Susan Ballada |
||
| 250 | _a2001 edition | ||
| 260 |
_as.l. _bWin Lu Ballada and Susan Ballada _c2001 |
||
| 336 |
_2rdacontent _atext _btxt |
||
| 337 |
_2rdamedia _aunmediated _bn |
||
| 338 |
_2rdacarrier _avolume _bnc |
||
| 650 | 0 |
_92928 _aBusiness tax _zPhilippines |
|
| 650 | 0 |
_91337 _aBusiness enterprises _vTaxation _zPhilippines. |
|
| 650 | 0 |
_92931 _aTransfer (Law) _zPhilippines |
|
| 942 |
_2lcc _cF |
||
| 999 |
_c59266 _d59266 |
||